Personality development in Sanskrit literataure / (Record no. 102345)

MARC details
000 -LEADER
fixed length control field 00934nam a22002297a 4500
005 - DATE AND TIME OF LATEST TRANSACTION
control field 20180223125200.0
010 ## - LCCN (DPL NO)
LC control number 1617EN ENG-117073 B-663967
020 ## - INTERNATIONAL STANDARD BOOK NUMBER
International Standard Book Number 9788174791573
Terms of availability 850.00
035 ## - SYSTEM CONTROL NUMBER
System control number B-648180-184
035 ## - SYSTEM CONTROL NUMBER
System control number EN-100605
035 ## - SYSTEM CONTROL NUMBER
System control number B-663967
037 ## - SOURCE OF ACQUISITION
Stock number dpl
Source of stock number/acquisition Pansy
082 ## - DEWEY DECIMAL CLASSIFICATION NUMBER
Classification number 810
245 ## - TITLE STATEMENT
Title Personality development in Sanskrit literataure /
Statement of responsibility, etc edited by K.B. Archak
260 ## - PUBLICATION, DISTRIBUTION, ETC. (IMPRINT)
Place of publication, distribution, etc New Delhi
Name of publisher, distributor, etc Kaveri Books
Date of publication, distribution, etc 2014
270 ## - ADDRESS
Address 4832/24, Ansari Road,
City New Delhi
Postal code 110002
300 ## - PHYSICAL DESCRIPTION
Extent xii,268p.
Dimensions 23cm(Hb)
700 ## - ADDED ENTRY--PERSONAL NAME
Personal name Archak, K.B.
942 ## - ADDED ENTRY ELEMENTS (KOHA)
Source of classification or shelving scheme Dewey Decimal Classification
Item type English Books
Call number suffix PER
Classification part 810
Holdings
Withdrawn status Lost status Not for loan Collection code Home library Current library Date acquired Source of acquisition Cost, normal purchase price Full call number Barcode Copy number Cost, replacement price Koha item type
      Non-fiction Ashok Vihar Ashok Vihar 23/02/2018 PANSY/BL1621/23.02.17/464/15.02.15/02.03.2017 850.00 810 PER B-663967 1 850.00 English Books
    Not For Loan Non-fiction D.B.Act.Division Bawana 16/01/2017 DBAD/PUB 850.00 126 PER EN-100605 1 850.00 English Books
      Non-fiction Central Library Central Library 27/02/2017 BPPD/EN/2016-17/298/24.11.2016/1606/28.11.2016/2.1.2017 850.00 810 PER B-648180 1 850.00 English Books
    Not For Loan Reference Central Library Central Library 27/02/2017 BPPD/EN/2016-17/298/24.11.2016/1606/28.11.2016/2.1.2017 850.00 810 PER B-648181 1 850.00 English Books
      Non-fiction Janak Puri Janak Puri 27/02/2017 BPPD/EN/2016-17/298/24.11.2016/1606/28.11.2016/2.1.2017 850.00 810 PER B-648184 1 850.00 English Books
      Non-fiction Kasturba Gandhi Marg Kasturba Gandhi Marg 27/02/2017 BPPD/EN/2016-17/298/24.11.2016/1606/28.11.2016/2.1.2017 850.00 810 PER B-648183 1 850.00 English Books
      Non-fiction Patel Nagar Patel Nagar 27/02/2017 BPPD/EN/2016-17/298/24.11.2016/1606/28.11.2016/2.1.2017 850.00 810 PER B-648182 1 850.00 English Books

© Delhi Public Library
Hit Counter
free hit counter